Prípad literárnej inšpirácie
Príspevok sa vracia k prípadu novely Kamarát Jašek od Dobroslava Chrobáka - slovenského spisovateľa, ktorý sa nadmieru inšpiroval jedným z diel francúzskeho spisovateľa Jeana Giona. Prípad prerástol do literárnej aj osobnej aféry, ale z dnešného hľadiska, keď "literatúra rodí literatúru", predstavuj...
Salvato in:
| Autore principale: | |
|---|---|
| Natura: | Capitolo di libro |
| Lingua: | francese |
| Soggetti: | |
| Tags: |
Nessun Tag, puoi essere il primo ad aggiungerne!!
|
MARC
| LEADER | 00000naa$a2200000$$$4500 | ||
|---|---|---|---|
| 001 | 0134931 | ||
| 005 | 20240502083327.3 | ||
| 041 | 0 | |a fre | |
| 044 | |a FR | ||
| 245 | 1 | 0 | |a Prípad literárnej inšpirácie |c Ladislav Lapšanský |
| 520 | |a Príspevok sa vracia k prípadu novely Kamarát Jašek od Dobroslava Chrobáka - slovenského spisovateľa, ktorý sa nadmieru inšpiroval jedným z diel francúzskeho spisovateľa Jeana Giona. Prípad prerástol do literárnej aj osobnej aféry, ale z dnešného hľadiska, keď "literatúra rodí literatúru", predstavuje príklad porovnávacej literatúry a možno ho zaradiť do uvažovania ako legálny jav intertextovej literatúry. | ||
| 610 | 2 | 0 | |a literatúra |
| 610 | 2 | 0 | |a Slovensko |
| 610 | 2 | 0 | |a Francúzsko |
| 100 | 1 | |a Lapšanský, Ladislav | |